|
|
|
|
| LEADER |
01764nam a2200433 i 4500 |
| 001 |
33284 |
| 003 |
BD-DhAAL |
| 005 |
20250625121609.0 |
| 008 |
180707t2009 bg ab b 000 0 eng |
| 010 |
|
|
|a 2011321129
|
| 020 |
|
|
|a 9789843308948
|
| 020 |
|
|
|a 9843308948
|
| 025 |
|
|
|a B-E-2011-321129; 06
|
| 035 |
|
|
|a (OCoLC)649467653
|
| 035 |
|
|
|a 8205505
|
| 037 |
|
|
|b Library of Congress -- New Delhi Overseas Office
|
| 040 |
|
|
|a DLC
|b eng
|e rda
|c DLC
|d AU@
|d CGU
|d IXA
|d DKAGE
|d WAU
|d OCLCQ
|d BD-DhAAL
|
| 042 |
|
|
|a lcode
|a pcc
|
| 043 |
|
|
|a a-bg---
|
| 050 |
0 |
0 |
|a NA109.B3
|b R34 2009
|
| 082 |
0 |
4 |
|a 720.2880954
|2 22
|
| 100 |
1 |
|
|a Rahman, Mahbubur,
|d 1959-
|9 26690
|
| 245 |
1 |
0 |
|a Old but new, new but old :
|b architectural heritage conservation /
|c Mahbubur Rahman.
|
| 246 |
3 |
0 |
|a New but old
|
| 260 |
|
|
|a Dhaka :
|b UNESCO :
|b Distributor, Omni Books,
|c 2009.
|
| 300 |
|
|
|a 366 pages :
|b illustrations, maps ;
|c 25 cm.
|
| 504 |
|
|
|a Includes bibliographical references.
|
| 520 |
|
|
|a Chiefly with reference to Bangladesh.
|
| 526 |
|
|
|a ARC
|
| 541 |
|
|
|a Department of Architecture
|e 33284
|
| 650 |
|
0 |
|a Historic buildings
|x Conservation and restoration
|z Bangladesh.
|9 26691
|
| 650 |
|
7 |
|a Historic buildings
|x Conservation and restoration.
|9 26692
|
| 650 |
|
7 |
|a Architecture
|
| 651 |
|
7 |
|a Bangladesh.
|9 26693
|
| 710 |
2 |
|
|a UNESCO, Dhaka.
|9 26694
|
| 852 |
|
|
|a Department of Architecture
|c General Stacks
|
| 942 |
|
|
|2 ddc
|c BK
|
| 999 |
|
|
|c 39598
|d 39598
|
| 952 |
|
|
|0 0
|1 1
|2 ddc
|4 0
|6 720_288095400000000_OLD
|7 0
|9 63614
|a ARC
|b ARC
|c GEN
|d 2018-07-07
|e Department of Architecture
|l 0
|o 720.2880954 OLD
|p 3010033284
|r 2018-07-07
|t 1
|w 2018-07-07
|y BK
|x lost from the ARC department library and approved by the Dean (reasons personal books withdrawn by Hasibul Kabir Sir and Building shifting)
|